Kemalangan jalan raya di Malaysia : analisis berasaskan hukum jenayah Islam /
Saved in:
| Main Author: | |
|---|---|
| Format: | Thesis Book |
| Language: | Malay |
| Subjects: | |
| Tags: |
Add Tag
No Tags, Be the first to tag this record!
|
| LEADER | 01569cam a2200373 a 4500 | ||
|---|---|---|---|
| 001 | u698458 | ||
| 003 | SIRSI | ||
| 008 | 040917s2004 my a t 00 1 may m | ||
| 035 | |a ADC-6685 | ||
| 040 | |a UMM |d UMA |e rda | ||
| 043 | |a a-my--- | ||
| 090 | |a BP42 |b A1 UM 2004 Mohrmn | ||
| 094 | |a BP42 |b A1 UM 2004 Mohrmn | ||
| 100 | 0 | 0 | |a Mohd Ridzuan Mat Noor |e author. |
| 245 | 1 | 0 | |a Kemalangan jalan raya di Malaysia : |b analisis berasaskan hukum jenayah Islam / |c Mohd Ridzuan Mat Noor. |
| 264 | 1 | |c 2004. | |
| 264 | 4 | |c 2004. | |
| 300 | |a xvii, 195 leaves : |b illustrations ; |c 30 cm. | ||
| 336 | |a text |2 rdacontent | ||
| 337 | |a unmediated |2 rdamedia | ||
| 338 | |a volume |2 rdacarrier | ||
| 500 | |a AIUM. | ||
| 500 | |a Prof. Madya Datin Dr. Paizah Hj. Ismail. | ||
| 502 | |a Dissertation (M.Syariah) -- Jabatan Fiqh dan Usul, Akademi Pengajian Islam, Universiti Malaya, 2004. | ||
| 504 | |a Bibliography: leaves 184-194. | ||
| 650 | 0 | |a Traffic accidents |x Law and legislation |z Malaysia. | |
| 650 | 0 | |a Islamic law |z Malaysia. | |
| 650 | 0 | |a Traffic violations |x Religious aspects |x Islam. | |
| 710 | 2 | 0 | |a Universiti Malaya. |b Jabatan Fiqh dan Usul |
| 948 | |a 24/09/2004 |b 20/10/2004 | ||
| 596 | |a 1 12 18 | ||
| 999 | |a BP42 A1 UM 2004 MOHRMN |w LC |c 1 |i A511465202 |d 29/12/2015 |e 29/12/2015 |f 8/11/2005 |g 1 |l STACKS |m P12ISLAMKL |n 2 |r Y |s Y |t TESIS |u 27/12/2004 | ||
| 999 | |a BP42 A1 UM 2004 MOHRMN |w LC |c 1 |i A510939765 |l RESERVES |m P18ISLPURI |r Y |s Y |t TESIS |u 22/2/2005 | ||
| 999 | |a BP42 A1 UM 2004 MOHRMN |w LC |c 1 |i A511653786 |d 15/3/2018 |e 15/3/2018 |f 3/3/2005 |g 1 |l STACKS |m P01UTAMA |n 14 |r Y |s Y |t TESIS |u 23/2/2005 | ||
